Terms relating to the LGBTQ+ Community - Statistics

General Stats
  • This quiz has been taken 195 times
  • The average score is 13 of 19
Answer Stats
Definition Term % Correct
Attraction to men and women Bisexual
100%
Term if women to other women Lesbian
100%
Term for above for if it's men attracted to other men Gay
98%
Person who identifies as a gender that's not their birth sex Transgender
95%
Not having attraction to others Asexual/Ace
94%
Attraction to opposite sex Heterosexual
94%
Attraction to same sex Homosexual
92%
Not identifying as Male or female, the two genders Non-Binary
91%
Person who identifies with the gender that corresponds with their birth sex Cisgender
89%
Well known term that is used for the above Straight
88%
Those who aren't part of the LGBTQ+ communities but support their rights Ally
83%
Attraction regardless of gender identity Pansexual
82%
Not identifying with a particular gender Agender
71%
Only developing attraction when an emotional bond is gained Demisexual
61%
Attraction to all genders Omnisexual
43%
Having Limited attraction or attraction varies over time Greysexual
25%
Having attraction Allosexual
23%
Attraction to those who are non-binary or transgender Skoliosexual
2%
Attraction is lost after an emotional bond is gained Frayosexual
1%
No matching quizzes found
Score Distribution
Percent of People with Each Score
Percentile by Number Answered
Your Score History
You have not taken this quiz